MARC

LEADER 00000nas a2200000 a 4500
001 ssj0010015
003 WaSeSS
005 20200512172242.0
006 m d
007 cr n
008 001030c19779999nyubr p s 0 a0eng c
010 |a  2004233213 
016 7 |a 7702681  |2 DNLM 
016 7 |a M49560000  |2 DNLM 
016 7 |a 2018072-X  |2 DE-600 
022 |a 1573-6644  |l 0146-7239  |y 0146-7239 
030 |a MOEMDJ 
035 |a (WaSeSS)ssj0010015 
040 |a F#A  |b eng  |e pn  |c F#A  |d OCLCQ  |d GUA  |d OCLCQ  |d U9S  |d GUA  |d CLU  |d LGG  |d AZU  |d OCLCQ  |d MYG  |d VT2  |d OCLCQ  |d OCLCF  |d OCLCQ  |d Z5A  |d OCLCO  |d OCLCA  |d U3W  |d OCLCO  |d AU@  |d OCLCO  |d WYU  |d OCLCO  |d OCLCA  |d NJT  |d OCLCO  |d DLC  |d SFB  |d OCLCA  |d WaSeSS 
042 |a pcc 
050 0 0 |a BF683 
060 0 0 |a W1  |b MO944 
082 0 4 |a 153.8 
130 0 |a Motivation and emotion (Online) 
210 0 |a Motiv. emot.  |b (Dordr., Online) 
222 0 |a Motivation and emotion  |b (Dordrecht. Online) 
245 1 0 |a Motivation and emotion  |h [electronic resource]. 
260 |3 1977- :  |a New York, N.Y. :  |b Kluwer Academic/Plenum Publishers 
260 3 |3 <2010-> :  |a New York :  |b Springer 
310 |a 6 issues per year,  |b 2014- 
321 |a Quarterly,  |b -2013 
362 1 |a Print began in 1977. 
506 |a License restrictions may limit access. 
550 |a Official journal of: the Society for the Study of Motivation, <2010-> 
588 |a Description based on: Vol. 21, issue 1 (Mar. 1997); title from contents screen (publisher's Web site, viewed Feb. 10, 2004). 
588 |a Latest issue consulted: Vol. 43, no. 5 (Oct. 2019) (Springer Link, viewed Sept. 27, 2019). 
650 0 |a Motivation (Psychology)  |v Periodicals. 
650 0 |a Emotions  |v Periodicals. 
650 6 |a Motivation (Psychologie)  |v Périodiques. 
650 6 |a Émotions  |v Périodiques. 
650 7 |a Emotions.  |2 fast  |0 (OCoLC)fst00908819 
650 7 |a Motivation (Psychology)  |2 fast  |0 (OCoLC)fst01027516 
650 2 |a Emotions. 
650 2 |a Motivation. 
655 0 |a Electronic journals. 
710 2 |a Society for the Study of Motivation. 
776 0 8 |i Print version:  |t Motivation and emotion  |x 0146-7239  |w (DLC) 77646851  |w (OCoLC)2861856 
850 |a DLC 
856 4 0 |z Full text available from Research Library: 03/01/1997 to 1 year ago  |u https://search.proquest.com/publication/54051